Statistics for NHL Teams by clue

Click here to take the quiz!

General Stats

  • This quiz has been taken 294 times
  • The average score is 9 of 11

Answer Stats

HintAnswer% Correct
Team that has won the Stanley Cup the most timesMontreal Canadiens
96%
Haven't won a cup since 1967Toronto Maple Leafs
90%
Team that used to be the hartford whalers and now plays in RaleighCarolina Hurricanes
87%
Team whose logo is a winged musical noteSt. Louis Blues
87%
Originally named after a Disney MovieAnaheim Ducks
86%
Team that has won the cup 3 times in the last 6 years (as of 2015)Chicago Blackhawks
85%
Team that relocated from atlanta most recentlyWinnipeg Jets
83%
Team that plays in the TD GardensBoston Bruins
80%
Franchise that used to be the Quebec NordiquesColorado Avalanche
80%
Only Original Six team not mentioned so farNew York Rangers
77%
Team that holds the record for most consecutive years in the playoffs(23) in any sportDetroit Redwings
68%

Score Distribution

Percentile by Number Answered

Percent of People with Each Score

Your Score History

You have not taken this quiz